| 000 | nam a22 7a 4500 | ||
|---|---|---|---|
| 999 |
_c342227 _d342227 |
||
| 003 | NUST | ||
| 005 | 20171214093109.0 | ||
| 008 | 171214b xxu||||| |||| 00| 0 eng d | ||
| 020 | _a0273631004 | ||
| 040 | _c0 | ||
| 082 | _a658.408 GIL | ||
| 100 |
_aGilbert,Mike _97238 |
||
| 245 |
_aAchieving Environmental Standards: _bThe Environment is becoming a major issue for business _cMike Gilbert |
||
| 250 | _a2nd ed. | ||
| 260 |
_aLondon _bfinancial times, pitman publishing _c1998. |
||
| 300 | _a326p. | ||
| 500 | _aH.B | ||
| 942 |
_2ddc _cBK _kIESE |
||